The Holy Spirit (Record no. 118878)
[ view plain ]
| 000 -LEADER | |
|---|---|
| fixed length control field | 00377nam a22001217a 4500 |
| 008 - FIXED-LENGTH DATA ELEMENTS--GENERAL INFORMATION | |
| fixed length control field | 131202b xxu||||| |||| 00| 0 eng d |
| 050 ## - LIBRARY OF CONGRESS CALL NUMBER | |
| Classification number | BT121.2.B959 |
| 100 ## - MAIN ENTRY--PERSONAL NAME | |
| Personal name | Burke, John |
| 9 (RLIN) | 4519 |
| 245 ## - TITLE STATEMENT | |
| Title | The Holy Spirit |
| Remainder of title | Reflections for Committed Christians |
| Statement of responsibility, etc | John Burke |
| 260 ## - PUBLICATION, DISTRIBUTION, ETC. (IMPRINT) | |
| Place of publication, distribution, etc | Nairobi |
| Name of publisher, distributor, etc | Paulines Publications Africa |
| Date of publication, distribution, etc | 1998 |
| 300 ## - PHYSICAL DESCRIPTION | |
| Extent | 56p.; |
| Dimensions | 21cm. |
| 942 ## - ADDED ENTRY ELEMENTS (KOHA) | |
| Source of classification or shelving scheme | Library of Congress Classification |
| Item type | Monograph ( Printed materials) |
| Withdrawn status | Lost status | Source of classification or shelving scheme | Damaged status | Not for loan | Home library | Current library | Date acquired | Total Checkouts | Full call number | Barcode | Date last seen | Price effective from | Koha item type |
|---|---|---|---|---|---|---|---|---|---|---|---|---|---|
| Library of Congress Classification | ARRUPE LIBRARY | ARRUPE LIBRARY | 02/12/2013 | BT121.2.B959 | 46410864 | 11/01/2017 | 02/12/2013 | Monograph ( Printed materials) |